000 00452nmm a2200157Ia 4500
008 251105s9999||||xx |||||||||||||||||und||
020 _a9789871925209
041 _aspa
100 _aMarchiori, Hilda (dir.)
245 0 _aVíctimas de delitos sexuales
264 _a[Buenos Aires, Argentina] :
_bEditorial Brujas,
_c2014
300 _a172 páginas
650 _aPsychology
856 _uhttps://public.digitaliapublishing.com/a/35424
942 _cCF
999 _c97345
_d97345